00470nam a22001337a 4500008004100000020001800041050001900059100001600078245005400094260005700148300008300205650003000288650001800318171123b xxu||||| |||| 00| 0 eng d a9788172335540 aGE 70 .45 2009 aAmin, J. V. aEnvironment and self-endangered man/c J. V. Amin aJodhpur :b Scientific Publishers (India), c©2009. a xii, 248 pages, [20] pages of plates : illustrations (chiefly color) ; 25 cm aEnvironmental degradation aHuman ecology